| 000 | 01031nam a2200241 a 4500 | ||
|---|---|---|---|
| 001 | 000021864 | ||
| 005 | 20210326154637.0 | ||
| 008 | 100914s1994 dr a r 000 0 spa d | ||
| 040 |
_aDO-SdBNP _bspa _cBNPHU |
||
| 082 |
_a972.9385 _bP762h |
||
| 100 |
_aPolanco Brito, Hugo E. _97924 |
||
| 245 | 1 | 0 |
_aHistoria de Salvaleón de Higüey / _cHugo Eduardo Polanco Brito ; presentación Ernesto Rivera Cedeño. |
| 260 |
_aSanto Domingo : _bTaller, _c1994. |
||
| 300 |
_av. : _bil. ; _c24 cm. |
||
| 490 | 1 |
_aII Fase de Publicaciones de la Academia Dominicana de la Historia _vIII |
|
| 500 | _aIncluye índice de nombres y lugares | ||
| 500 | _aIncluye referencias bibliográficas y notas al pie de las páginas | ||
| 500 | _aLa biblioteca posee el volumén III | ||
| 651 | 4 |
_aHigüey (República Dominicana{Rpara} _xHistoria Local _926822 |
|
| 650 | 4 |
_aCiudades y pueblos _zRepública Dominicana _9784 |
|
| 700 | 1 |
_aRivera Cedeño, Ernesto _945393 |
|
| 830 | 0 |
_aII Fase de Publicaciones de la Academia Dominicana de la Historia _n1 _945394 |
|
| 999 |
_c21362 _d21362 |
||